Statistics for States and Provinces on the US/Canada Border

Click here to take the quiz!

General Stats

  • This quiz has been taken 372 times
    (361 since last reset)
  • The average score is 18 of 21

Answer Stats

Length (miles)Answer% Correct
427Washington
97%
611Maine
96%
721Michigan
95%
445New York
94%
310North Dakota
94%
545Montana
92%
90Vermont
90%
547Minnesota
89%
1,715Ontario
87%
505Quebec
87%
58New Hampshire
86%
45Idaho
84%
185Alberta
83%
1,538Alaska
82%
1,347British Columbia
82%
146Ohio
81%
309Manitoba
79%
393Saskatchewan
75%
318New Brunswick
68%
42Pennsylvania
68%
752Yukon
67%

Score Distribution

Percentile by Number Answered

Percent of People with Each Score

Your Score History

You have not taken this quiz since the last reset